Gasohol sourcebook : literature survey and abstracts /

Bibliographic Details
Other Authors: Cheremisinoff, Nicholas P., Cheremisinoff, Paul N.
Format: Book
Language:English
Published: Ann Arbor, Mich. : Ann Arbor Science Publishers, [1981]
Subjects:

MARC

Tag First Indicator Second Indicator Subfields
LEADER 00000cam a2200000 a 4500
001 in00000087556
005 20151008064841.0
008 811203s1981 miu a 00100 eng
010 |a  81066258  
020 |a 0250404257 
035 |a (OCoLC)08034178 
035 |9 AAK4913AM 
039 0 |a 2  |b 3  |c 3  |d 3  |e 3 
040 |a DLC  |c DLC  |d TXA  |d UtOrBLW 
049 |a TXAM  |c [1362230] 
050 0 0 |a TP358  |b .G36 
082 0 |a 016.662/669  |2 19 
245 0 0 |a Gasohol sourcebook :  |b literature survey and abstracts /  |c edited by Nicholas P. Cheremisinoff, Paul N. Cheremisinoff. 
264 1 |a Ann Arbor, Mich. :  |b Ann Arbor Science Publishers,  |c [1981] 
264 4 |c ©1981 
300 |a vii, 221 pages ;  |c 24 cm. 
336 |a text  |b txt  |2 rdacontent 
337 |a unmediated  |b n  |2 rdamedia 
338 |a volume  |b nc  |2 rdacarrier 
500 |a Includes index. 
650 0 |a Gasohol  |x Abstracts. 
700 1 |a Cheremisinoff, Nicholas P. 
700 1 |a Cheremisinoff, Paul N. 
999 |a MARS 
999 f f |s 395f187b-20f4-363e-b25b-7d4671adac97  |i c74990b0-5ac5-3f19-98f9-0a03ea79120b  |t 0 
952 f f |p ric  |a Texas A&M University  |b Rellis Campus  |c Joint Library Facility  |d Remote Storage  |t 0  |e TP358 .G36  |h Library of Congress classification  |i unmediated -- volume  |m A14806327635 
998 f f |a TP358 .G36  |t 0  |l Remote Storage